000 00307nam a2200133Ia 4500
003 OSt
005 20231107073037.0
008 170524s9999 xx 000 0 und d
020 _a9780070636811
040 _cIIMT UNIVERSITY
100 _aVAUGHAN- T.
245 0 _aMULTIMEDIA MAKING IT WORK
942 _2ddc
_c02
999 _c3696
_d3696